Sanat - "Niin kaunis on maa" - Statistics

Yleistilastot
  • Tätä visaa on pelattu 49 kertaa
  • Keskiarvotulos 70 / 98
Vastaustilastot
Vastaus % Oikein
on
100%
on
100%
on
100%
on
100%
on
100%
on
100%
on
100%
on
100%
on
100%
kaunis
97%
kaunis
97%
kaunis
97%
maa
97%
maa
97%
maa
97%
Niin
97%
niin
97%
niin
97%
Niin
97%
niin
97%
niin
97%
Niin
97%
niin
97%
niin
97%
taivas
89%
taivas
89%
taivas
89%
korkea
83%
korkea
83%
korkea
83%
ja
81%
ja
81%
ja
81%
ja
81%
ja
81%
ja
81%
ja
81%
varjoisat
75%
varjoisat
75%
varjoisat
75%
varjoisat
75%
varjoisat
75%
veet
75%
veet
75%
veet
75%
veet
75%
veet
75%
veet
75%
varjoisat
72%
kukkiva
69%
kukkiva
69%
kukkiva
69%
kunnas
69%
kunnas
69%
kunnas
69%
lintujen
67%
lintujen
67%
lintujen
67%
aika
61%
aika
61%
aika
61%
herätä
61%
lähteä
61%
nousta
61%
soi
61%
soi
61%
soi
61%
kallehin
58%
kallehin
58%
kallehin
58%
ystävä
58%
ystävä
58%
ystävä
58%
kohdata
56%
Aurinko
53%
Aurinko
53%
laulusta
53%
laulusta
53%
laulusta
53%
kastetta
50%
maassa
50%
nousee
50%
jo
47%
kirkas
47%
laskee
47%
leikin
47%
Päivä
47%
riemun
47%
pitenee
44%
poissa
44%
varjot
44%
jäähyväisten
42%
naurun
42%
tuulee
39%
vain
39%
metsässä
36%
eron
33%
mukana
33%
Ehtoja vastaavia visoja ei löytynyt
Tulosjakauma
Jokaisen tuloksen saaneiden osuus
Persentiili vastausten määrän mukaan
Tuloshistoriasi
Et ole pelannut tätä visaa